000 00786cam a2200265 a 4500
999 _c6429
_d6429
003 BD-JhCC
005 20180123105004.0
008 840207s1982 enkb b 001 0 eng c
020 _a0571119441
020 _a0571119786 (pbk.)
035 _a(BD-JhCC)
040 _aMH
_cMH
_dDLC
_dOCoLC
041 _aeng
050 1 4 _aBP63.A4
_bN425x 1982c
082 _a297.1977
_bMOR 1982
100 1 _aMortimer, Edward.
245 1 0 _aFaith and power :
_bthe politics of Islam /
_cEdward Mortimer.
260 _aLondon :
_bFaber and Faber,
_c1982.
300 _a432 p. :
_bmaps ;
_c23 cm.
504 _aIncludes bibliographical references and index.
650 0 _aIslam and politics
_zMiddle East.
651 0 _aMiddle East
_xPolitics and government
_y1945-
942 _2ddc
_cBK